Čína: je to tentokrát opět jinak?

Hlavné príčiny, ktoré znižovali efektivitu finančného sektoru. Snaha stabilizovať ekonomické oblasti a hospodárska politika. Inflácia a rozsah investičnej bubliny. Čínske hospodárstvo a objem investícií v Číne. Finančný sektor a kríza v Číne.

Salvato in:
Dettagli Bibliografici
Autore principale: Mládek, Josef
Natura: Capitolo di libro
Lingua:ceco
Soggetti:
Tags: Aggiungi Tag
Nessun Tag, puoi essere il primo ad aggiungerne!!

MARC

LEADER 00000naa a2200000 4500
001 0142415
005 20231129094400.0
041 0 |a cze 
044 |a CZ 
245 1 0 |a Čína: je to tentokrát opět jinak?  |c Josef Mládek 
520 |a Hlavné príčiny, ktoré znižovali efektivitu finančného sektoru. Snaha stabilizovať ekonomické oblasti a hospodárska politika. Inflácia a rozsah investičnej bubliny. Čínske hospodárstvo a objem investícií v Číne. Finančný sektor a kríza v Číne. 
610 2 0 |a bankovníctvo 
610 2 0 |a banky 
610 2 0 |a inštitúcie finančné 
610 2 0 |a kríza finančná 
610 2 0 |a bubliny finančné 
610 2 0 |a nástroje bankové 
610 2 0 |a obchody bankové 
610 2 0 |a Čína 
100 1 |a Mládek, Josef